| 000 | 00663nam a2200193 4500 | ||
|---|---|---|---|
| 999 |
_c13834 _d13834 |
||
| 020 | _a9789710092505 | ||
| 082 | _aFil. 224.9209505 R4947g 2013 | ||
| 100 | _aReyes, Yna | ||
| 245 |
_aGod of fire, god of rain / _cretold by Yna Reyes ; illustrated by Jason Moss |
||
| 260 |
_aMetro Manila _bOMF Literature Inc. _cc2013 |
||
| 300 |
_a30 pages : _bchiefly colored illustrations ; _c22.5 x 17 cm |
||
| 490 | _aWow god! | ||
| 526 |
_a200-299 _d220 |
||
| 650 | _a Elijah -- (Biblical prophet) | ||
| 650 | _aBible stories, English -- Old Testament | ||
| 650 | _aChildren's stories, Philippine (English) | ||
| 650 | _aChildren's stories, Tagalog | ||
| 942 |
_2ddc _cBK |
||